Lektury szkolne (klasy 1-3) - Statystyki

Ogólne statystyki
  • Ten quiz został rozwiązany 170 razy
    159 od ostatniego zresetowania
  • Średni wynik to 4 z 25
Statystyki odpowiedzi
Autor Tytuł % Poprawnych
Julian Tuwim Wiersze dla dzieci
80%
Astrid Lindgren Dzieci z Bullerbyn
70%
Maria Krüger Karolcia
36%
Roman Pisarski O psie, który jeździł koleją
31%
Hans Christian Andersen Baśnie (do wyboru)
28%
Joanna Papuzińska Asiunia
25%
Czesław Centkiewicz Zaczarowana zagroda
20%
Czesław Centkiewicz Anaruk, chłopiec z Grenlandii
17%
Danuta Wawiłow Najpiękniejsze wiersze
15%
Łukasz Wierzbicki Afryka Kazika
14%
Grzegorz Kasdepke Detektyw Pozytywka
12%
Mira Jaworczakowa Oto jest Kasia
11%
Waldemar Cichoń Cukierku, ty łobuzie!
8%
Hugh Lofting Doktor Dolittle i jego zwierzęta
8%
Jan Brzechwa Brzechwa dzieciom
5%
Łukasz Wierzbicki Dziadek i niedźwiadek
5%
Barbara Kosmowska Dziewczynka z parku
5%
Danuta Parlak Kapelusz pani Wrony
5%
Marcin Pałasz Sposób na Elfa
5%
Maria Terlikowska Drzewo do samego nieba
4%
Janina Porazińska Pamiętnik Czarnego Noska
3%
Agnieszka Frączek Rany Julek. O tym jak Julian Tuwim został poetą
3%
Justyna Bednarek Niesamowite przygody dziesięciu skarpetek (czterech prawych i sześciu lewych)
1%
Barbara Tylicka O krakowskich psach i kleparskich kotach. Polskie miasta w baśniach i legendach
1%
Leszek Kołakowski Kto z was chciałby rozweselić pechowego nosorożca?
0%
Nie znaleziono quizów pasujących do podanych kryteriów
Rozkład punktacji
Procent ludzi z każdym wynikiem
Percentyl według liczby udzielonych odpowiedzi
Twoja historia wyników
Nie rozwiązałeś tego quizu od ostatniego zresetowania